Normal view
MARC view
Entry Personal Name
001 - CONTROL NUMBER
- control field: 81672
003 - CONTROL NUMBER IDENTIFIER
- control field: OSt
005 - DATE AND TIME OF LATEST TRANSACTION
- control field: 20230129131048.0
008 - FIXED-LENGTH DATA ELEMENTS
- fixed length control field: 230129|| aca||aabn | a|a d
040 ## - CATALOGING SOURCE
- Original cataloging agency: OSt
- Transcribing agency: OSt
100 ## - HEADING--PERSONAL NAME
- Personal name: कुमार,अरूण
670 ## - SOURCE DATA FOUND
- Source citation: Work cat.: (OSt)65827: कुमार,अरूण , New Edition Reasoning 7300+ 2012 to Till Date वस्तुनिष्ठ प्रश्नों की अध्याायवार विस्तृत व्याख्या , 2023









